Music Quiz

Random Music or Word Play Quiz

Switched Song Titles: '80s and '90s Quiz Stats

Quiz Updated Mar 17, 2016

Also try: Where Is The Love?
Challenge
Share
Tweet
Score 0/25 Timer 05:00
2 Plays Today
% Correct
867-5309/Genie
92.7%
Back in White
92%
Joe and Diane
90.3%
She Blinded Me with Spirit
90.2%
Walkin' On A Prayer
89.6%
Heart of the Tiger
88.2%
Welcome to the Paradise
87.4%
Rock the Case
87%
Don't Worry, Be Paranoid
86.9%
Go On Eileen
86.7%
Video Loved the Radio Star
84.7%
You Give Love a Good Name
83.5%
Hit Me With Your Worst Shot
83.2%
% Correct
Keep on Losing You
83.1%
Crazy Little Time Called Love
83%
Always Gonna Give You Up
82.2%
Can't Stop Believin'
81.8%
Girls Just Need To Have Fun
78.1%
How Doves Cry
77.3%
Sweat Dreams (Are Made of This)
72.3%
There I Go Again
70.3%
We're Not Gonna Make It
69.6%
All Those Miles Ago
68.5%
Can't Fight That Feeling
66.9%
The Safety Song
63.2%

You're not logged in!

Compare scores with friends on all Sporcle quizzes.
Sign Up with Email
OR
Log In

You Might Also Like...

Show Comments

Extras

Top Quizzes Today


Score Distribution

Your Account Isn't Verified!

In order to create a playlist on Sporcle, you need to verify the email address you used during registration. Go to your Sporcle Settings to finish the process.